|
|
|
|
| LEADER |
03501njm a2200817 a 4500 |
| 001 |
000266796 |
| 003 |
CZ BrMZK |
| 005 |
20081002082841.0 |
| 008 |
010907s1992 xr f cze d |
| 028 |
0 |
3 |
|a 11 1738-2 301
|b Supraphon
|
| 040 |
|
|
|a BOA001
|b cze
|
| 080 |
|
|
|a 784.4(086.7)
|2 MRF
|
| 245 |
0 |
0 |
|a Hity 1962
|h [zvukový záznam] /
|c [výběr a sestava Miroslav Černý].
|
| 246 |
3 |
3 |
|a Vím už co to znamená
|
| 246 |
3 |
3 |
|a Až na severní pól
|
| 246 |
3 |
3 |
|a Děti z Pirea
|
| 246 |
3 |
3 |
|a Je nás jedenáct
|
| 246 |
3 |
3 |
|a Jsi jako dlouhý most
|
| 246 |
3 |
3 |
|a Kaňonem takhle k večeru
|
| 246 |
3 |
3 |
|a Mám malý stan
|
| 246 |
3 |
3 |
|a Měsíčná řeka
|
| 246 |
3 |
3 |
|a Náhodou
|
| 246 |
3 |
3 |
|a Oliver Twist
|
| 246 |
3 |
3 |
|a Ona je krásná
|
| 246 |
3 |
3 |
|a Proč se lidi nemaj' rádi
|
| 246 |
3 |
3 |
|a Proč se neusmíváš?
|
| 246 |
3 |
3 |
|a Purpura
|
| 246 |
3 |
3 |
|a Páni rodičové
|
| 246 |
3 |
3 |
|a Slaný déšť
|
| 246 |
3 |
3 |
|a Už aby tady byl
|
| 246 |
3 |
3 |
|a Veselé vánoce
|
| 260 |
|
|
|a Praha :
|b Supraphon,
|c p1992
|
| 300 |
|
|
|a 1 CD :
|b mono, AAD ;
|c 12 cm +
|e 1 brožura [12 s.].
|
| 500 |
|
|
|a Durata neuv
|
| 500 |
|
|
|a Nahr. 1962
|
| 505 |
2 |
|
|a Mám malý stan, Náhodou, Je nás jedenáct...[et al.]
|
| 511 |
0 |
|
|a Eva Olmerová, zpěv; Eva Pilarová, zpěv; Hana Hegerová, zpěv...[et al.]. Orchestr Karla Vlacha; Kvinteto divadla Semafor; Orchestr Ferdinanda Havlíka...[et al.]
|
| 653 |
0 |
|
|a populární hudba
|a populární písně
|
| 700 |
1 |
|
|a Veselá, Jarmila,
|d 1933-2017
|7 mzk2002163925
|4 prf
|
| 700 |
1 |
|
|a Vlach, Karel,
|d 1911-1986
|7 jn20000402552
|4 cnd
|
| 700 |
1 |
|
|a Zíma, Josef,
|d 1932-2025
|7 jn19990210845
|4 prf
|
| 700 |
1 |
|
|a Šedivý, Zdeněk,
|d 1956-
|7 jn20000402809
|4 prf
|
| 700 |
1 |
|
|a Štědrý, Karel,
|d 1937-2017
|7 jn99240001660
|4 prf
|
| 700 |
1 |
|
|a Černý, Miroslav,
|d 1937-
|7 jn19990209124
|4 com
|
| 700 |
1 |
|
|a Bezubka, Ladislav,
|d 1926-1985
|7 ola2008474594
|4 cnd
|
| 700 |
1 |
|
|a Chladil, Milan,
|d 1931-1984
|7 jn19990009854
|4 prf
|
| 700 |
1 |
|
|a Filipovská, Pavlína,
|d 1941-
|7 jn19981001127
|4 prf
|
| 700 |
1 |
|
|a Havlík, Ferdinand,
|d 1928-2013
|7 jn19990209218
|4 cnd
|
| 700 |
1 |
|
|a Hegerová, Hana,
|d 1931-2021
|7 jn19990209228
|4 prf
|
| 700 |
1 |
|
|a Hrnčířová, Magda,
|c zpěvačka
|4 prf
|
| 700 |
1 |
|
|a Hála, Karel,
|d 1933-2008
|7 jn19990209227
|4 prf
|
| 700 |
1 |
|
|a Krautgartner, Karel,
|d 1922-1982
|7 jk01063097
|4 cnd
|
| 700 |
1 |
|
|a Kunst, Sláva,
|d 1928-1991
|7 jn99240000570
|4 cnd
|
| 700 |
1 |
|
|a Matuška, Waldemar,
|d 1932-2009
|7 jk01080863
|4 prf
|
| 700 |
1 |
|
|a Olmerová, Eva,
|d 1934-1993
|7 jn19990209613
|4 prf
|
| 700 |
1 |
|
|a Petrů, Jana,
|d 1938-1990
|7 xx0078929
|4 prf
|
| 700 |
1 |
|
|a Pilarová, Eva,
|d 1939-2020
|7 jn19990209654
|4 prf
|
| 700 |
1 |
|
|a Simonová, Yvetta,
|d 1928-
|7 jn20000402214
|4 prf
|
| 700 |
1 |
|
|a Suchý, Jiří,
|d 1931 říjen 1.-
|7 jk01121734
|4 prf
|
| 710 |
2 |
|
|a Brněnský estrádní rozhlasový orchestr
|7 ko2002147934
|
| 710 |
2 |
|
|a Divadlo Semafor.
|b Vokální kvintet
|7 mzk2008412566
|4 prf
|
| 710 |
2 |
|
|a Orchestr Ferdinanda Havlíka
|7 mzk2003205873
|4 prf
|
| 710 |
2 |
|
|a Orchestr Karla Vlacha
|7 kn20010710270
|4 prf
|
| 710 |
2 |
|
|a Orchestr Ladislava Bezubky
|7 mzk2008412596
|4 prf
|
| 710 |
2 |
|
|a Sbor Lubomíra Pánka
|7 ko2001100004
|4 prf
|
| 710 |
2 |
|
|a Divadlo Semafor.
|b Sbor
|7 mzk2008451423
|4 prf
|
| 710 |
2 |
|
|a Taneční orchestr Československého rozhlasu Praha
|7 ko2002102437
|4 prf
|
| 910 |
|
|
|a BOA001
|b CD-0001.896
|
| 964 |
|
|
|a Hudba populární
|z stol.20.,léta 60.
|x CD
|
| 990 |
|
|
|a AV
|
| 996 |
6 |
|
|b 261H001929
|c CD-0001.896
|l MZK
|r Sklad / do 24 hodin
|n 0
|w 000266796
|u 000010
|a 1
|e BOA001
|j MZK50
|s P
|